000 00731nam a2200181Ia 4500
008 100920s9999 xx 000 0 und d
082 _b98528
_a28 व 930 थ 93
100 _aदेवळे शं रा.
245 _aभारतीय नृपती यांनी घडविला देश.
260 _bसाकेत,औरंगाबाद.
_c1993
300 _a118
_bसाधी
365 _b75
520 _aबा. वि. इतिहास.
630 _aभारतीय नृपती यांनी घडविला देश.
650 _aबा. वि. इतिहास.
730 _aभारतीय नृपती यांनी घडविला देश.
942 _cBOOK
999 _c738966
_d738963